=LDR 00000nam 2200000 4500 =001 INLIS000000000010875 =005 20130612102501 =008 ***********************************Ind** =035 ##$$0010-061300000010875 =041 ##$$a Ind =082 ##$$a 574.4 =100 ##$$a Frandson, R. D =245 ##$$a Anatomi dan fsiologi ternak, R.D. Frandson;penerjemah, B.Sriganndono, Koen praseno =260 ##$$a Gajah Mada Proses 1993 $b Yogyakarta =700 ##$$a Srigandono, B =850 ##$$a NBPNMAT